Le Défi de la Rome Antique - Statistiques

Statistiques générales
  • Ce quiz a été pris 91 fois
  • Le résultat moyen est 8 sur 15
Statistiques - réponses
Question Réponse % Correct
Qui était le général romain vainqueur de Carthage à la bataille de Zama en 202 av. J.-C. ? Scipion l'Africain
96%
Qui était le philosophe stoïcien romain qui fut conseiller de l'empereur Néron avant de se suicider à la demande de ce dernier ? Sénèque
92%
Quelle est la date traditionnelle de la fondation de Rome ? 753 av. J.-C.
79%
Quel était le nom de la déesse romaine du foyer et de la famille, vénérée dans chaque maison romaine ? Vesta
79%
Quel était le nom de la faction politique romaine qui soutenait les droits des plébéiens pendant la République romaine ? Les Populares
67%
Quel empereur romain a construit le Colisée à Rome ? Vespasien
58%
Quelle est la première loi connue qui a introduit des réformes agraires importantes à Rome, réduisant les tensions sociales entre patriciens et plébéiens ? Lex Agraria
54%
Qui était l'auteur romain de l'œuvre "De architectura", un traité sur l'architecture romaine ? Vitruve
54%
Quel empereur romain a dirigé une campagne militaire infructueuse contre les Parthes, au cours de laquelle les légions romaines ont été vaincues à Carrhae en 53 av. J.-C. ? Crassus
50%
Qui était l'empereur romain connu pour avoir été assassiné par des prétoriens en 193 ap. J.-C., seulement trois mois après son accession au pouvoir ? Pertinax
46%
Quel était le nom de la première guerre civile romaine, opposant Marius à Sylla ? La première guerre civile
42%
Quel était le titre donné aux chefs de l'armée romaine lorsqu'ils exerçaient le pouvoir dictatorial pour une période de six mois ? Dictateur
38%
Quel était le nom de la loi romaine qui a introduit un système de distribution gratuite de blé à Rome au cours de la République tardive ? Lex Frumentaria
38%
Quel général romain a mené les légions romaines lors de la bataille de Gaugamèles, remportant une victoire décisive sur l'empire perse achéménide ? Alexandre le Grand
17%
Qui était le rival politique de Cicéron pendant la fin de la République romaine, menant finalement à son exil ? Marc Antoine
13%
Aucun quiz correspondant
Distribution des résultats
% des personnes avec chaque résultat
Percentile par nombre de réponses
Votre historique - résultats
Vous n’avez pas pris ce quiz